000 00767nam a2200205 a 4500
008 120416s1984 ||||||||||||||||| || u
020 _a0871964473
050 _aHD 108.6 SCH
100 _aSchultz, Marilyn Spigel
245 1 0 _aEncyclopedia of community planning and environmental management
260 _aNew York
_bFact on File Pubs
_c1984
300 _ax, 475p. : ill.
350 _a0.00
500 _aIncludes index.
650 _aENVIRONMENTAL MANAGEMENT--DICTIONARIES
650 _aMunicipal engineering - Dictionaries
650 _aLand use - Planning - Dictionaries
650 _aRegional planning - Dictionaries
995 _D0.00
_FCBU-MAIN LIBRARY (Kitwe)
_H1
_I37.90
_M1
_UREFERENCE
_ZReference Collection
999 _c41817
_d41817